<?xml version="1.0" encoding="UTF-8"?>
<collection xmlns="http://www.loc.gov/MARC21/slim">
 <record>
  <leader>03369nam a2200289 a 4500</leader>
  <controlfield tag="001">1/45137</controlfield>
  <controlfield tag="008">140729s2005    us            001 0 eng  </controlfield>
  <datafield tag="020" ind1=" " ind2=" ">
   <subfield code="a">0080489486</subfield>
  </datafield>
  <datafield tag="020" ind1=" " ind2=" ">
   <subfield code="a">9780080489483</subfield>
  </datafield>
  <datafield tag="020" ind1=" " ind2=" ">
   <subfield code="a">9781597490405 (pbk.)</subfield>
  </datafield>
  <datafield tag="020" ind1=" " ind2=" ">
   <subfield code="a">1597490407 (pbk.)</subfield>
  </datafield>
  <datafield tag="035" ind1=" " ind2=" ">
   <subfield code="l">48095</subfield>
  </datafield>
  <datafield tag="245" ind1="0" ind2="0">
   <subfield code="a">OS X for hackers at heart</subfield>
   <subfield code="h">[electronic resource] /</subfield>
   <subfield code="c">Bruce Potter ... [et al.].</subfield>
  </datafield>
  <datafield tag="260" ind1=" " ind2=" ">
   <subfield code="a">Rockland, Mass. :</subfield>
   <subfield code="b">Syngress ;</subfield>
   <subfield code="a">Oxford :</subfield>
   <subfield code="b">Elsevier Science [distributor],</subfield>
   <subfield code="c">2005.</subfield>
  </datafield>
  <datafield tag="300" ind1=" " ind2=" ">
   <subfield code="a">1 online resource (xxiii, 439 p.)</subfield>
  </datafield>
  <datafield tag="505" ind1="0" ind2=" ">
   <subfield code="a">Cover -- Contents -- Foreword -- Chapter 1 A Network Admin's Guide to Using Mac OS X -- Running a Headless Mac -- Adding Interfaces to the Mac -- The Macintosh as a Router -- Mac OS X as a RADIUS server -- Summary -- Solutions Fast Track -- Frequently Asked Questions -- Chapter 2 Automation -- Using Automator -- Understanding AppleScript -- Bash Scripting -- Using Bash, AppleScript, and Automator Together! -- Summary -- Solutions Fast Track -- Links to Sites -- Frequently Asked Questions -- Chapter 3 OS X in a Microsoft Environment -- Accessing Network File Systems -- NTLM Authentication -- Connecting to a Windows PPTP Server -- Zen of Running Windows Boxes from a Mac -- Summary -- Solutions Fast Track -- Frequently Asked Questions -- Chapter 4 WarDriving and Wireless Penetration Testing with OS X -- WarDriving with KisMAC -- Penetration Testing with OS X -- Other OS X Tools for WarDriving and WLAN Testing -- Summary -- Solutions Fast Track -- Frequently Asked Questions -- Chapter 5 Mac OS X for Pen Testers -- The OS X Command Shell -- Compiling and Porting Open Source Software -- Using The &quot;Top 75 Security Tools&quot; List -- Installing and Using The &quot;Big&quot; Tools -- Other OS X &quot;Must Haves&quot; -- Summary -- Solutions Fast Track -- Frequently Asked Questions -- Chapter 6 Mac Tricks (Stupid Powerbook Stunts That Make You Look Like a God) -- Desktop Console -- Screen Savers -- Widgets -- Apple Motion Sensor -- VNC with Apple Remote Desktop -- Gestures -- Sogudi -- GUI Scripts -- Summary -- Solutions Fast Track -- Frequently Asked Questions -- Chapter 7 OS X For the Road Warrior -- Safe and Secure E-mail -- Battery Management -- Summary -- Solutions Fast Track -- Frequently Asked Questions -- Appendix A Hacking the iPod -- Opening Your iPod -- Replacing the iPod Battery -- Upgrading a 5GB iPod's Hard Drive -- From Mac to Windows and Back Again -- iPod Diagnostic Mode -- Additional iPod Hacks -- iPod Resources on the Web -- Index -- Last Page.</subfield>
  </datafield>
  <datafield tag="520" ind1=" " ind2=" ">
   <subfield code="a">OS X 10.4 Tiger is a major upgrade for Mac OS X for running Apples Macintosh computers and laptops. This book teaches hackers of all types from software developers to security professionals to hobbyists, how to use its features for wireless networking, WarDriving, software development, penetration testing, scripting administrative tasks, and more.</subfield>
  </datafield>
  <datafield tag="630" ind1="0" ind2="0">
   <subfield code="a">Mac OS.</subfield>
  </datafield>
  <datafield tag="650" ind1=" " ind2="4">
   <subfield code="a">Operating systems (Computers).</subfield>
  </datafield>
  <datafield tag="655" ind1=" " ind2="4">
   <subfield code="a">Electronic books.</subfield>
  </datafield>
  <datafield tag="700" ind1="1" ind2=" ">
   <subfield code="a">Potter, Bruce.</subfield>
  </datafield>
  <datafield tag="852" ind1=" " ind2=" ">
   <subfield code="a">INST</subfield>
   <subfield code="b">UNIPILB</subfield>
   <subfield code="c">EBOOKS</subfield>
   <subfield code="e">20140729</subfield>
   <subfield code="p">00b48095</subfield>
   <subfield code="q">00b48095</subfield>
   <subfield code="t">ONLINE</subfield>
   <subfield code="y">0</subfield>
  </datafield>
  <datafield tag="856" ind1="4" ind2=" ">
   <subfield code="u">http://www.sciencedirect.com/science/book/9781597490405</subfield>
  </datafield>
  <datafield tag="856" ind1="4" ind2=" ">
   <subfield code="d">/webopac/covers/03/48095_0080489486.jpg</subfield>
  </datafield>
  <datafield tag="856" ind1="4" ind2=" ">
   <subfield code="d">/webopac/covers/03/48095_9780080489483.jpg</subfield>
  </datafield>
  <datafield tag="856" ind1="4" ind2=" ">
   <subfield code="d">/webopac/covers/03/48095_9781597490405.jpg</subfield>
   <subfield code="z">(pbk.)</subfield>
  </datafield>
  <datafield tag="856" ind1="4" ind2=" ">
   <subfield code="d">/webopac/covers/03/48095_1597490407.jpg</subfield>
   <subfield code="z">(pbk.)</subfield>
  </datafield>
 </record>
</collection>
